Giáo trình thủy văn môi trường (MT 122)
Trình bày những kiến thức cơ bản của thủy văn học phục vụ cho việc quy hoạch và quản lý môi trường. Thủy văn môi trường nghiên cứu các hiện tượng và quá trình vật lý diễn ra trên mặt đất và khí quyển....
Spremljeno u:
| Glavni autor: | |
|---|---|
| Format: | Knjiga |
| Jezik: | Undetermined |
| Izdano: |
Cần Thơ
Đại học Cần Thơ
2010
|
| Teme: | |
| Oznake: |
Dodaj oznaku
Bez oznaka, Budi prvi tko označuje ovaj zapis!
|
| Thư viện lưu trữ: | Trung tâm Học liệu Trường Đại học Cần Thơ |
|---|
| LEADER | 00883nam a2200193Ia 4500 | ||
|---|---|---|---|
| 001 | CTU_168052 | ||
| 008 | 210402s9999 xx 000 0 und d | ||
| 082 | |a 551.48071 | ||
| 082 | |b M312mtr | ||
| 100 | |a Huỳnh, Vương Thu Minh | ||
| 245 | 0 | |a Giáo trình thủy văn môi trường (MT 122) | |
| 245 | 0 | |c Huỳnh Vương Thu Minh | |
| 260 | |a Cần Thơ | ||
| 260 | |b Đại học Cần Thơ | ||
| 260 | |c 2010 | ||
| 520 | |a Trình bày những kiến thức cơ bản của thủy văn học phục vụ cho việc quy hoạch và quản lý môi trường. Thủy văn môi trường nghiên cứu các hiện tượng và quá trình vật lý diễn ra trên mặt đất và khí quyển. | ||
| 650 | |a Hydrology,Thủy văn | ||
| 904 | |i Năm | ||
| 980 | |a Trung tâm Học liệu Trường Đại học Cần Thơ | ||